Kitab ut taazi walmarasi = کتاب التعاذی والمراثی / (Record no. 121884)
[ view plain ]
| 000 -LEADER | |
|---|---|
| fixed length control field | 00554nam a2200145 4500 |
| 005 - DATE AND TIME OF LATEST TRANSACTION | |
| control field | 20210408182045.0 |
| 008 - FIXED-LENGTH DATA ELEMENTS--GENERAL INFORMATION | |
| fixed length control field | 210408b ||||| |||| 00| 0 eng d |
| 040 ## - CATALOGING SOURCE | |
| Transcribing agency | PK-LaUMT |
| 082 ## - DEWEY DECIMAL CLASSIFICATION NUMBER | |
| Classification number | RHC 892.71 |
| Item number | ABU-K |
| 100 ## - MAIN ENTRY--PERSONAL NAME | |
| Personal name | Abu al-Abbas Muhammad bin Yazeed = ابو العباس محمد بن یزید |
| 245 ## - TITLE STATEMENT | |
| Title | Kitab ut taazi walmarasi = کتاب التعاذی والمراثی / |
| Statement of responsibility, etc | by Abu al-Abbas Muhammad bin Yazeed = ابو العباس محمد بن یزید |
| 260 ## - PUBLICATION, DISTRIBUTION, ETC. (IMPRINT) | |
| Place of publication, distribution, etc | Lahore : |
| Name of publisher, distributor, etc | Jameah Banjab, |
| Date of publication, distribution, etc | 1984 |
| 300 ## - PHYSICAL DESCRIPTION | |
| Extent | 230 p. |
| 942 ## - ADDED ENTRY ELEMENTS (KOHA) | |
| Koha item type | Books |
| Withdrawn status | Lost status | Damaged status | Home library | Current library | Date acquired | Full call number | Barcode | Date last seen | Price effective from | Koha item type |
|---|---|---|---|---|---|---|---|---|---|---|
| UMT Main Campus | UMT Main Campus | 2021-04-08 | RHC 892.71 ABU-K | 137245 | 2021-04-08 | 2021-04-08 | Books |
